000 00949nam a2200217Ia 4500
008 130821s2011 ck a gs spa
040 _aCo-BoUCM
_bspa
041 0 0 _aspa
092 _aCD 0326
110 1 _aColombia.
_bPresidencia de la República.
_bAgencia Presidencial para la Acción Social y la Cooperación Internacional. Acción Social
245 1 0 _aMejores gobernantes contra la pobreza
_c[CD ROM]
_cAcción Social.
260 _aBogotá (Colombia)
_bAcción Social
_c2007-20092012
300 _a1 CD-ROM
_bson
500 _a"Reconocimiento a los Alcaldes y Gobernadores en la mejor implementación de Juntos"
500 _aJuntos red para la superación de la pobreza extrema.
650 0 4 _aInvestigaciones evaluativas (Programas de acción social)
_zColombia
650 0 4 _aPobreza
_zColombia
_921746
650 0 4 _aProblemas sociales
_zColombia
_922324
650 0 4 _aProgramas sociales
_zColombia
_922542
942 _cMULTIMEDIA
_2LOCAL
_a6
_e1
999 _c36632
_d36632